| 000 | 00900cad a22002175a 4500 | ||
|---|---|---|---|
| 001 | L157093 | ||
| 008 | 120829s2011 xxk f 000 0 eng d | ||
| 020 | _a9871842197141 | ||
| 035 | _a(Sirsi) u157093 | ||
| 041 | 0 | _aeng | |
| 100 | 1 | _aRydin, Yvonne | |
| 245 | 0 | 0 |
_aZC2 _bthe 2010 RICS Global Zero Carbon Capacity Index _bincorporating comparison with results for 2008 and 2009 _h[electronic resource] |
| 260 |
_aLondon _bRICS _c2011 |
||
| 490 | 0 | _aRICS Research | |
| 520 | _aThe Global Zero Carbon Capacity Index (or ZC2 Index) measures the performance of a global sample of countries in making progress towards zero carbon built environments. | ||
| 651 | 4 | _aInternational | |
| 690 |
_aEnergy _96237 |
||
| 700 | 1 | _aAustin, Patrick | |
| 856 | 4 | 0 |
_uhttps://www.rics.org/Global/Downloads/Global_Zero_Carbon_Index_220911_dwl_aj.pdf _zView the main report free of charge at www.rics.org |
| 942 | _n0 | ||
| 999 |
_c114591 _d114591 |
||